| Поле | Инд. | ПП | Название | Значение |
|---|---|---|---|---|
| Тип записи | a | |||
| Библиографический уровень | b | |||
| 001 | Контрольный номер | RU/IS/BASE/262113518 | ||
| 005 | Дата корректировки | 20210405172151.5 | ||
| 084 | a | Индекс другой классификации/Индекс ББК | 67.404.212.47(051.9) | |
| 100 | 1_ | a | Автор | Савельев Д. В. |
| 245 | a | Заглавие | Сравнительный анализ законодательства о кондоминиумах некоторых стран СНГ | |
| 650 | a | Основная рубрика | гражданское право | |
| a | Основная рубрика | договорное право | ||
| a | Основная рубрика | жилищное право | ||
| a | Основная рубрика | обязательственное право | ||
| a | Основная рубрика | право | ||
| 653 | a | Ключевые слова | Армения | |
| a | Ключевые слова | Белоруссия | ||
| a | Ключевые слова | жилищная реформа | ||
| a | Ключевые слова | жилищное законодательство | ||
| a | Ключевые слова | Казахстан | ||
| a | Ключевые слова | Киргизия | ||
| a | Ключевые слова | кондоминиум | ||
| a | Ключевые слова | Россия | ||
| a | Ключевые слова | собственность | ||
| a | Ключевые слова | сравнительное правоведение | ||
| a | Ключевые слова | страны СНГ | ||
| a | Ключевые слова | Украина | ||
| 773 | t | Заглавие источника | Жилищное право | |
| d | Дата издания источника | 2002 | ||
| g | Прочая информация | № 3. - С. 77 - 85 | ||
| w | Контрольный № источника | RU/IS/BASE/113314342 | ||
| 901 | t | Тип документа | b |